Deutsche Phonetik 2

Salvato in:
Dettagli Bibliografici
Natura: Libro
Lingua:tedesco
Pubblicazione: Ústí nad Labem Pedagogická fakulta 1983
Serie:Učební texty vysokých škol
Tags: Aggiungi Tag
Nessun Tag, puoi essere il primo ad aggiungerne!!

MARC

LEADER 00000nam a2200000 4500
001 c112844
005 20260120073118.1
041 0 |a ger 
044 |a CZ 
245 1 0 |a Deutsche Phonetik 2  |c Annalies Wodňanská 
264 1 |a Ústí nad Labem  |b Pedagogická fakulta  |c 1983 
300 |a 82 s. 
490 1 |a Učební texty vysokých škol 
830 0 |a Učební texty vysokých škol